000 00656nam a2200193 ar4500
001 1786
005 20221127090304.0
008 100221s xxua 00110 eng d
020 _a0787956260(hpb) :
_cSR86.00
082 0 4 _a658.403
_bY27 2003
100 1 _aYates, J. Frank.
245 1 0 _aDecision management :
_bhow to assure better decisions in your company /
_cJ. Yates.
260 _aSan Francisco, CA :
_bJossey-Bass,
_c2003.
300 _axx, 230 p. :
_bill. ;
_c23 cm.
440 0 _aUniversity of Michigan Business School management series.
504 _aIncludes bibl. references and index.
650 4 _aDecision making.
650 4 _aProblem solving.
999 _c1784
_d1784